بانوراما سيناء / (Record no. 26647)
[ view plain ]
| 000 -الفاتح | |
|---|---|
| حقل البيانات ثابتة الطول | 01592nam a2200349 i 4500 |
| 003 - محدد رقم الضبط | |
| رقم الضبط | EG-ScBUE |
| 005 - وقت وتاريخ اخر تعامل مع التسجيلة | |
| رقم الضبط | 20231205115204.0 |
| 008 - عناصر البيانات ثابتة الطول - معلومات عامة | |
| حقل البيانات ثابتة الطول | 180507n199u ua o f e 000 0 mul d |
| 040 ## - مصدر الفهرسة | |
| وكالة الفهرسة الأصلية | EG-ScBUE |
| لغة الفهرسة | ara |
| قواعد الوصف | rda |
| وكالة النسخ | EG-ScBUE |
| وكالة التعديل | EG-ScBUE |
| 041 0# - رمز اللغة | |
| رمز لغة النص/ المسارات الصوتية أو العنوان الانفرادي | ara |
| -- | eng |
| 043 ## - رمز المنطقة الجغرافية | |
| رمز المنطقة الجغرافية | f-ua--- |
| 082 04 - رقم تصنيف ديوى العشرى | |
| رقم التصنيف | 915.31 |
| رقم المادة | ب ا ن |
| رقم الطبعة | 22 |
| 110 1# - المدخل الرئيسى - إسم هيئة | |
| اسم الهيئة أو اسم السلطة كمدخل | مصر. |
| وحده ملحقة | وزارة الإعلام. |
| -- | الهيئة العامة للاستعلامات، |
| الدور | مؤلف. |
| 245 10 - بيان العنوان | |
| العنوان | بانوراما سيناء / |
| بيان المسئوليه,etc | مادة علمية عبد المعطي أبو زيد ؛ التحرير بالإنجليزية ألفت سرحان ؛ مراجعة الشحات منصور. |
| 246 35 - العنوان الموازى | |
| عنوان صحيح/عنوان مختصر | Panorama of Sinai |
| 264 #1 - النشر، التوزيع | |
| مكان الناشر او الموزع | القاهرة : |
| اسم الناشر او الموزع | مصر، وزارة الإعلام، الهيئة العامة للاستعلامات، |
| تاريخ النشر أو التوزيع | [?-199] |
| 300 ## - الوصف المادى | |
| التعداد | 1 مجلد (متعدد الترقيم) : |
| تفاصيل ماديه اخرى للوعاء | صور ملونة ؛ |
| أبعاد الوعاء | 28 سم. |
| 336 ## - نوع المحتوى | |
| source | rdacontent |
| Carrier Type Term | نص |
| Content Type Code | txt |
| 337 ## - نوع الوسيط | |
| Media Type Term | بدون وسيط |
| source | rdamedia |
| Media Type Code | n |
| 338 ## - نوع الحامل أو الناقل | |
| Carrier Type Term | مجلد |
| Carrier Type Code | nc |
| source | rdacarrier |
| 490 0# - بيان السلسلة | |
| عنوان السلسلة | سلسلة الموسوعات المصورة لمحافظات مصر ؛ |
| رقم المجلد/ التعيين التسلسلي | 2 |
| 541 ## - تبصرة المصدر المباشر للتزويد | |
| مصدر التزويد | السفير علي الحفني ؛ |
| طريقة التزويد | إهداء ؛ |
| 650 ## - المدخل الاضافى بالموضوع-مصطلح موضوعى | |
| مصدر الرأس أو المصطلح | BUEsh |
| 651 #7 - المدخل الاضافى بالموضوع - اسم جغرافى | |
| الاسم الجغرافي | سيناء (مصر) |
| التقسيم الفرعي العام | وصف ورحلات. |
| التقسيم الفرعي الشكلي | موسوعات. |
| مصدر الرأس أو المصطلح | BUEsh |
| 651 #7 - المدخل الاضافى بالموضوع - اسم جغرافى | |
| الاسم الجغرافي | سيناء (مصر) |
| التقسيم الفرعي العام | تاريخ |
| التقسيم الفرعي الشكلي | موسوعات. |
| مصدر الرأس أو المصطلح | BUEsh |
| 653 ## - مصطلح تكشيفى غير مقيد | |
| Resource For college | Generalities |
| Arrived date list | May2018 |
| 655 ## - مصطلح تكشيفى-نوع/شكل | |
| التقسيم الفرعي الشكلي | Reading book |
| 700 1# - المدخل الاضافى - اسم شخصى | |
| الإسم الشخصى | أبو زيد، عبد المعطي، |
| الدور | محرر. |
| 700 1# - المدخل الاضافى - اسم شخصى | |
| الإسم الشخصى | سرحان، ألفت، |
| الدور | محرر. |
| 700 1# - المدخل الاضافى - اسم شخصى | |
| الإسم الشخصى | منصور، الشحات، |
| الدور | مراجع. |
| 942 ## - عناصر المدخل الإضافي( كوها) | |
| مصدر التصنيف او مخطط الترفيف | Dewey Decimal Classification |
| حالة التراجع | حالة الفقد | مصدر التصنيف او خطة الترفيف | حالة تلف | ليس للاعارة | مجموعات كوها | المكان الدائم | المكان الحالي | موقع الترفيف | تاريخ الاكتساب | Source of acquisition | رقم الاستدعاء | الباركود | Date last seen | تبصرة غير عامة( المفوع للعناصر المفقوده) | نوع الوعاء |
|---|---|---|---|---|---|---|---|---|---|---|---|---|---|---|---|
| Dewey Decimal Classification | Donation-Gift | Central Library | Central Library | Ground Floor | 07/05/2018 | Donation | 915.31 ب ا ن | 000043375 | 15/07/2025 | إهداء من السفير علي الحفني | Reference (NB) |